Pacific Ocean Countries - Statistics

General Stats
  • This quiz has been taken 313 times
    4 since last reset
  • The average score is 32 of 39
Answer Stats
Hint Answer % Correct
Australia
100%
Cambodia
100%
Canada
100%
Chile
100%
China
100%
Costa Rica
100%
East Timor
100%
Federated States of Micronesia
100%
Honduras
100%
Indonesia
100%
Japan
100%
Kiribati
100%
Malaysia
100%
Marshall Islands
100%
Mexico
100%
Nauru
100%
New Zealand
100%
North Korea
100%
Palau
100%
Panama
100%
Russia
100%
Samoa
100%
Solomon Islands
100%
South Korea
100%
Tonga
100%
Tuvalu
100%
United States
100%
Vietnam
100%
Brunei
50%
Colombia
50%
Ecuador
50%
El Salvador
50%
Fiji
50%
Guatemala
50%
Nicaragua
50%
Peru
50%
Papua New Guinea
0%
Philippines
0%
Taiwan
0%
No matching quizzes found
Score Distribution
Percent of People with Each Score
Percentile by Number Answered
Your Score History
You have not taken this quiz since the last reset